Vougeot - Choix multiples - Statistiques

Statistiques générales
  • Ce quiz a été pris 6 fois
  • Le résultat moyen est 7 sur 10
Statistiques - réponses
Question Réponse % Correct
Lequel de ces édifices est le Château de Vougeot ?
100%
A égale distance environ de quelles grandes villes viticoles Vougeot se situe-t-elle ? Beaune et Dijon
100%
Dans lequel de ces films comiques français une scène d'arrestation a-t-elle lieu à la gare de Vougeot ? La Grande Vadrouille
100%
Quel nom porte la célèbre appellation grand cru de Vougeot ? Clos de Vougeot
83%
Sur quelle côte la commune se situe-t-elle ? La côte de Nuits
83%
De quoi la commune tire-t-elle son nom ? La Vouge, un cours d'eau qui la traverse
67%
Sous l'impulsion de quelle puissante abbaye bourguignonne la ville fut-elle fondée vers 1110 ? L'abbaye de Cîteaux
50%
Qu'est-ce que la confrérie des chevaliers du Tastevin, siégeant au Château de Vougeot ? Une association folklorique fondée en 1934
50%
Laquelle de ces personnalités n'a jamais pris part à un chapitre (banquet) au Château de Vougeot ? Napoléon III
33%
Quelle est la particularité du vignoble de Vougeot par rapport à la plupart des autres communes de cette côte ? On y produit aussi du vin blanc.
17%
Aucun quiz correspondant
Distribution des résultats
% des personnes avec chaque résultat
Percentile par nombre de réponses
Votre historique - résultats
Vous n’avez pas pris ce quiz